[Event "80th GEO-ch 2021"]
[Site "Tbilisi"]
[Date "2021.04.26"]
[Round "6.5"]
[White "Shanava, Konstantine"]
[Black "Quparadze, Giga"]
[Result "0-1"]
[WhiteElo "2504"]
[BlackElo "2463"]
[Annotator "ChessBase"]
[PlyCount "108"]
[EventDate "2021.04.20"]
[EventType "tourn"]
[EventCountry "GEO"]
[SourceTitle "playchess.com"]
[Source "ChessBase"]
[SourceQuality "1"]
[TimeControl "5400+30"]

1. e4 {[%emt 0:00:00]} c5 {[%emt 0:00:00]} 2. Nf3 {[%emt 0:00:00]} e6 {[%emt 0:00:00]} 3. d4 {[%emt 0:00:00]} cxd4 {[%emt 0:00:00]} 4. Nxd4 {[%emt 0:00:00]} a6 {[%emt 0:00:00]} 5. Nc3 {[%emt 0:00:35]} Nc6 {[%emt 0:00:00]} 6. g3 {[%emt 0:09:30]} d6 {[%emt 0:00:26]} 7. Nxc6 {[%emt 0:01:31]} bxc6 {[%emt 0:00:07]} 8. Bg2 {[%emt 0:00:04]} e5 {[%emt 0:01:57]} 9. O-O {[%emt 0:03:47]} Be7 {[%emt 0:01:40]} 10. Na4 {[%emt 0:00:49]} Nf6 {[%emt 0:01:35]} 11. c4 {[%emt 0:00:58]} Be6 {[%emt 0:00:06]} 12. b3 {[%emt 0:00:13]} O-O {[%emt 0:02:56]} 13. f4 {[%emt 0:05:54]} exf4 {[%emt 0:10:35]} 14. gxf4 {[%emt 0:05:52]} Bg4 {[%emt 0:00:52]} 15. Qd3 {[%emt 0:10:12]} d5 {[%emt 0:01:56]} 16. e5 {[%emt 0:01:47]} Ne4 {[%emt 0:00:05]} 17. f5 {[%emt 0:00:19]} Bg5 {[%emt 0:02:01]} 18. h3 {[%emt 0:05:34]} Bh5 {[%emt 0:00:15]} 19. Bxe4 {[%emt 0:00:25]} dxe4 {[%emt 0:00:06]} 20. Qxe4 {[%emt 0:00:06]} Bxc1 {[%emt 0:03:54]} 21. Raxc1 {[%emt 0:00:37]} Qg5+ {[%emt 0:00:06]} 22. Kh1 {[%emt 0:03:01]} Rad8 {[%emt 0:00:05]} 23. Rc2 {[%emt 0:05:38]} Qg3 {[%emt 0:11:08]} 24. Rc3 {[%emt 0:02:50]} Qg5 {[%emt 0:00:05]} 25. Rg1 {[%emt 0:04:30]} Rd1 {[%emt 0:00:05]} 26. Rxd1 {[%emt 0:05:03]} Bxd1 {[%emt 0:00:05]} 27. h4 {[%emt 0:08:42]} Qd2 {[%emt 0:00:52]} 28. Qe3 {[%emt 0:02:28]} Qxa2 {[%emt 0:01:30]} 29. Nc5 {[%emt 0:02:18]} Bc2 {[%emt 0:01:26]} 30. Qd2 {[%emt 0:16:16]} Qa1+ {[%emt 0:00:26]} 31. Kh2 {[%emt 0:00:05]} Bxf5 {[%emt 0:00:07]} 32. Re3 {[%emt 0:02:17]} Qf1 {[%emt 0:01:04]} 33. Rg3 {[%emt 0:01:53]} h6 {[%emt 0:00:10]} 34. Rg2 {[%emt 0:01:34]} Qf3 {[%emt 0:03:49]} 35. Qf2 {[%emt 0:00:39]} Qh3+ {[%emt 0:00:34]} 36. Kg1 {[%emt 0:00:06]} Rd8 {[%emt 0:00:06]} 37. Qg3 {[%emt 0:01:26]} Rd1+ {[%emt 0:00:06]} 38. Kf2 {[%emt 0:00:03]} Rd2+ {[%emt 0:00:06]} 39. Kg1 {[%emt 0:00:04]} Rxg2+ {[%emt 0:00:24]} 40. Qxg2 {[%emt 0:00:03]} Qxh4 {[%emt 0:01:54]} 41. Qxc6 {[%emt 0:01:20]} Qe1+ {[%emt 0:00:17]} 42. Kg2 {[%emt 0:00:21]} Qxe5 {[%emt 0:00:04]} 43. Qd5 {[%emt 0:00:39]} Qe2+ {[%emt 0:00:08]} 44. Kg3 {[%emt 0:00:45]} Qe3+ {[%emt 0:00:07]} 45. Kg2 {[%emt 0:00:17]} g6 {[%emt 0:01:21]} 46. b4 {[%emt 0:00:26]} h5 {[%emt 0:00:06]} 47. Qa8+ {[%emt 0:01:27]} Kg7 {[%emt 0:00:11]} 48. Qf3 {[%emt 0:00:07]} Qd2+ {[%emt 0:01:54]} 49. Qf2 {[%emt 0:00:20]} Qxb4 {[%emt 0:00:26]} 50. Qd4+ {[%emt 0:00:05]} Kh7 {[%emt 0:00:04]} 51. Kf2 {[%emt 0:01:24]} Qb6 {[%emt 0:00:42]} 52. Qe5 {[%emt 0:00:16]} a5 {[%emt 0:00:32]} 53. Kg3 {[%emt 0:00:58]} Qd8 {[%emt 0:00:47]} 54. Nb7 {[%emt 0:00:31]} Qd5 {[%emt 0:57:42]} 0-1

[Event "80th GEO-ch 2021"]
[Site "Tbilisi"]
[Date "2021.04.27"]
[Round "7.1"]
[White "Quparadze, Giga"]
[Black "Azaladze, Shota"]
[Result "1-0"]
[WhiteElo "2463"]
[BlackElo "2439"]
[Annotator "TA"]
[PlyCount "62"]
[EventDate "2021.04.20"]
[EventType "tourn"]
[EventCountry "GEO"]
[SourceTitle "playchess.com"]
[Source "ChessBase"]
[SourceQuality "1"]

{[%evp 9,62,30,45,44,35,23,68,58,65,61,64,66,72,64,58,62,92,70,165,64,167,183,172,143,171,83,82,72,150,150,150,147,150,155,170,155,158,160,439,418,552,530,593,591,593,589,567,564,998,984,996,991,977,935,1600]} 1. e4 g6 2. d4 Bg7 3. Nc3 c6 4. h3 d5 5. e5 f6 6. Bf4 {B15: Caro-Kann: 3 Nc3: 3...g6 and 3...dxe4 4 Nxe4 Nf6 5 Nxf6+ exf6.} fxe5 {[#]} 7. dxe5 $146 ({Predecessor:} 7. Bxe5 Nf6 8. Bd3 Nbd7 9. Bf4 O-O 10. Qd2 Qb6 11. Nf3 Nh5 12. Be3 Qxb2 13. Rb1 {0-1 (23) Maroslavac,I (1729)-Cvitan,E (2240) Vinkovci 2017}) 7... Nh6 8. Qd2 {White is slightly better.} Nf7 {[%cal Rf7e5]} 9. Nf3 e6 10. O-O-O $1 Nd7 {[%cal Rd7e5]} 11. Re1 Qe7 12. h4 b5 13. h5 b4 (13... Bb7 $14) 14. Nd1 (14. hxg6 $18 hxg6 15. Rxh8+ Bxh8 16. Na4) 14... gxh5 ({Black should play} 14... Bb7 $14) 15. Rxh5 $18 Bb7 16. Bd3 c5 17. Rxh7 (17. Bg3 $18) 17... Rxh7 $16 18. Bxh7 d4 ({Better is} 18... O-O-O) 19. Qd3 O-O-O 20. Be4 Nb6 21. Bxb7+ Kxb7 22. Qg6 Nd5 23. Bd2 Bh8 {[#]} (23... Rg8 $16 24. Re4 a5) 24. Rh1 $18 Rd7 25. Rh7 {White is clearly winning.} Kc7 26. Ng5 {[%cal Rh7f7]} Nxe5 27. Qg8 Nf6 28. Nxe6+ Kd6 29. Qb8+ ({Not} 29. Rxe7 Nxg8 30. Rxd7+ Nxd7 $16) 29... Kxe6 30. Rxe7+ Rxe7 31. Qxh8 Kd5 {Weighted Error Value: White=0.11/Black=0.41} 1-0

[Event "80th GEO-ch 2021"]
[Site "Tbilisi"]
[Date "2021.04.27"]
[Round "7.2"]
[White "Petriashvili, Nikoloz"]
[Black "Shanava, Konstantine"]
[Result "1-0"]
[WhiteElo "2425"]
[BlackElo "2504"]
[Annotator "ChessBase"]
[PlyCount "99"]
[EventDate "2021.04.20"]
[EventType "tourn"]
[EventCountry "GEO"]
[SourceTitle "playchess.com"]
[Source "ChessBase"]
[SourceQuality "1"]
[TimeControl "5400+30"]

1. e4 {[%emt 1:30:30]} c5 {[%emt 0:04:17]} 2. Nf3 {[%emt 0:00:00]} Nc6 {[%emt 0:00:13]} 3. d4 {[%emt 0:00:00]} cxd4 {[%emt 0:00:10]} 4. Nxd4 {[%emt 0:00:00]} Qb6 {[%emt 0:04:14]} 5. Nb3 {[%emt 0:00:00]} Nf6 {[%emt 0:00:12]} 6. Nc3 {[%emt 0:00:00]} e6 {[%emt 0:00:38]} 7. Be3 {[%emt 0:00:00]} Qc7 {[%emt 0:01:57]} 8. a3 {[%emt 0:00:00]} a6 {[%emt 0:00:36]} 9. f4 {[%emt 0:00:00]} d6 {[%emt 0:00:41]} 10. g4 {[%emt 0:00:00]} b5 {[%emt 0:05:25]} 11. Bg2 {[%emt 0:00:00]} Bb7 {[%emt 0:00:18]} 12. Qe2 {[%emt 0:00:00]} Be7 {[%emt 0:05:57]} 13. g5 {[%emt 0:00:00]} Nd7 {[%emt 0:00:12]} 14. h4 {[%emt 0:00:00]} Nb6 {[%emt 0:03:41]} 15. O-O-O {[%emt 0:00:00]} Nc4 {[%emt 0:08:03]} 16. Bf2 {[%emt 0:00:00]} N6a5 {[%emt 0:08:30]} 17. Rh3 {[%emt 0:00:00]} Rc8 {[%emt 0:06:52]} 18. Kb1 {[%emt 0:00:00]} d5 {[%emt 0:19:00]} 19. exd5 {[%emt 0:00:00]} O-O {[%emt 0:02:20]} 20. f5 {[%emt 0:00:00]} exf5 {[%emt 0:03:52]} 21. Nxa5 {[%emt 0:00:00]} Nxa5 {[%emt 0:01:51]} 22. Qd3 {[%emt 0:00:00]} Qd7 {[%emt 0:05:42]} 23. Rf3 {[%emt 0:00:00]} g6 {[%emt 0:11:19]} 24. d6 {[%emt 0:00:00]} Bd8 {[%emt 0:00:29]} 25. Rg3 {[%emt 0:00:00]} Bxg2 {[%emt 0:00:56]} 26. Rxg2 {[%emt 0:00:00]} Nc4 {[%emt 0:00:40]} 27. Bg3 {[%emt 0:00:00]} Nb6 {[%emt 0:00:41]} 28. Re2 {[%emt 0:00:00]} Rc4 {[%emt 0:00:23]} 29. Nd5 {[%emt 0:00:00]} Nxd5 {[%emt 0:00:44]} 30. Qxd5 {[%emt 0:00:00]} h6 {[%emt 0:01:18]} 31. h5 {[%emt 0:00:00]} Bxg5 {[%emt 0:01:40]} 32. hxg6 {[%emt 0:00:00]} f4 {[%emt 0:00:31]} 33. b3 {[%emt 0:00:00]} Rcc8 {[%emt 0:01:58]} 34. Bf2 {[%emt 0:00:00]} Kg7 {[%emt 0:00:09]} 35. gxf7 {[%emt 0:00:00]} Qxf7 {[%emt 0:00:44]} 36. Re6 {[%emt 0:00:00]} Qf5 {[%emt 0:00:56]} 37. Bd4+ {[%emt 0:00:00]} Kh7 {[%emt 0:00:15]} 38. Qb7+ {[%emt 0:00:00]} Qf7 {[%emt 0:00:23]} 39. d7 {[%emt 0:00:00]} Rcd8 {[%emt 0:00:55]} 40. Qe4+ {[%emt 0:00:00]} Qf5 {[%emt 0:00:03]} 41. Qxf5+ {[%emt 0:00:00]} Rxf5 {[%emt 0:00:01]} 42. Bb6 {[%emt 0:00:00]} Rdf8 {[%emt 0:01:37]} 43. d8=Q {[%emt 0:00:00]} Bxd8 {[%emt 0:00:05]} 44. Bxd8 {[%emt 0:00:00]} f3 {[%emt 0:00:07]} 45. Bb6 {[%emt 0:00:12]} R8f6 {[%emt 0:00:27]} 46. Re7+ {[%emt 0:01:25]} Kg6 {[%emt 0:00:14]} 47. Bf2 {[%emt 0:00:51]} Rg5 {[%emt 0:00:19]} 48. Rf1 {[%emt 0:02:22]} Rg2 {[%emt 0:00:22]} 49. Bd4 {[%emt 0:01:38]} Rf4 {[%emt 0:01:27]} 50. Be5 {[%emt 0:01:38]} 1-0

[Event "80th GEO-ch 2021"]
[Site "Tbilisi"]
[Date "2021.04.27"]
[Round "7.3"]
[White "Arabidze, Meri"]
[Black "Lortkipanidze, Nodar"]
[Result "0-1"]
[WhiteElo "2437"]
[BlackElo "2416"]
[Annotator "ChessBase"]
[PlyCount "106"]
[EventDate "2021.04.20"]
[EventType "tourn"]
[EventCountry "GEO"]
[SourceTitle "playchess.com"]
[Source "ChessBase"]
[SourceQuality "1"]
[TimeControl "5400+30"]

1. d4 {[%emt 0:01:56]} d6 {[%emt 0:00:00]} 2. Nf3 {[%emt 0:00:42]} g6 {[%emt 0:00:00]} 3. g3 {[%emt 0:00:28]} Bg7 {[%emt 0:00:11]} 4. Bg2 {[%emt 0:00:05]} f5 {[%emt 0:00:54]} 5. O-O {[%emt 0:00:23]} Nf6 {[%emt 0:00:05]} 6. c4 {[%emt 0:00:20]} O-O {[%emt 0:00:17]} 7. Nc3 {[%emt 0:00:09]} c6 {[%emt 0:00:07]} 8. b3 {[%emt 0:00:21]} Na6 {[%emt 0:00:12]} 9. Bb2 {[%emt 0:00:39]} Nc7 {[%emt 0:00:34]} 10. Rc1 {[%emt 0:02:44]} Bd7 {[%emt 0:06:14]} 11. d5 {[%emt 0:09:35]} c5 {[%emt 0:03:44]} 12. Ba1 {[%emt 0:08:21]} b5 {[%emt 0:05:13]} 13. cxb5 {[%emt 0:02:28]} Nxb5 {[%emt 0:00:09]} 14. Nxb5 {[%emt 0:09:09]} Bxb5 {[%emt 0:01:52]} 15. Ng5 {[%emt 0:00:08]} Bd7 {[%emt 0:02:20]} 16. Rc4 {[%emt 0:02:09]} Rb8 {[%emt 0:04:58]} 17. Qd2 {[%emt 0:02:58]} h6 {[%emt 0:05:55]} 18. Ne6 {[%emt 0:03:20]} Bxe6 {[%emt 0:00:05]} 19. dxe6 {[%emt 0:00:03]} Qc8 {[%emt 0:02:23]} 20. Ra4 {[%emt 0:04:23]} Qxe6 {[%emt 0:04:01]} 21. Bxf6 {[%emt 0:08:15]} Qxf6 {[%emt 0:00:06]} 22. Qd5+ {[%emt 0:01:50]} Kh7 {[%emt 0:02:06]} 23. Rxa7 {[%emt 0:00:10]} Rb4 {[%emt 0:00:29]} 24. a3 {[%emt 0:06:32]} Rd4 {[%emt 0:01:04]} 25. Qb7 {[%emt 0:00:29]} e6 {[%emt 0:00:26]} 26. Qc7 {[%emt 0:02:33]} Rd2 {[%emt 0:02:25]} 27. e3 {[%emt 0:06:46]} e5 {[%emt 0:02:43]} 28. b4 {[%emt 0:04:56]} cxb4 {[%emt 0:06:04]} 29. axb4 {[%emt 0:00:04]} e4 {[%emt 0:02:23]} 30. b5 {[%emt 0:05:33]} d5 {[%emt 0:00:59]} 31. Rc1 {[%emt 0:02:58]} Rg8 {[%emt 0:05:26]} 32. Rc6 {[%emt 0:09:18]} Qg5 {[%emt 0:00:12]} 33. Bf1 {[%emt 0:04:54]} Qh5 {[%emt 0:01:35]} 34. Rc2 {[%emt 0:00:20]} Rd1 {[%emt 0:01:22]} 35. Rc1 {[%emt 0:00:06]} Rd2 {[%emt 0:00:24]} 36. Qc3 {[%emt 0:01:38]} Ra2 {[%emt 0:00:37]} 37. Qc5 {[%emt 0:00:51]} Rd2 {[%emt 0:01:29]} 38. Rc2 {[%emt 0:00:46]} Rd1 {[%emt 0:00:07]} 39. Rc1 {[%emt 0:00:02]} Rd2 {[%emt 0:00:12]} 40. Qb4 {[%emt 0:01:05]} Rxf2 {[%emt 0:00:14]} 41. Rxg7+ {[%emt 0:00:17]} Rxg7 {[%emt 0:00:05]} 42. Kxf2 {[%emt 0:00:04]} Qf3+ {[%emt 0:00:09]} 43. Ke1 {[%emt 0:00:03]} Qxe3+ {[%emt 0:00:05]} 44. Kd1 {[%emt 0:00:03]} d4 {[%emt 0:00:11]} 45. Qd2 {[%emt 0:01:55]} Qb3+ {[%emt 0:01:04]} 46. Qc2 {[%emt 0:00:01]} Qa3 {[%emt 0:00:09]} 47. Rb1 {[%emt 0:01:05]} d3 {[%emt 0:01:44]} 48. Qc4 {[%emt 0:00:14]} Rd7 {[%emt 0:00:18]} 49. Qe6 {[%emt 0:00:49]} Qa4+ {[%emt 0:00:08]} 50. Qb3 {[%emt 0:00:16]} Qd4 {[%emt 0:00:05]} 51. Qb2 {[%emt 0:00:32]} Qb6 {[%emt 0:00:31]} 52. Qc3 {[%emt 0:00:42]} Qf2 {[%emt 0:00:16]} 53. Kc1 {[%emt 0:00:30]} d2+ {[%emt 0:00:08]} 0-1

[Event "80th GEO-ch 2021"]
[Site "Tbilisi"]
[Date "2021.04.27"]
[Round "7.4"]
[White "Kacharava, Nikolozi"]
[Black "Pantsulaia, Levan"]
[Result "0-1"]
[WhiteElo "2443"]
[BlackElo "2553"]
[Annotator "ChessBase"]
[PlyCount "200"]
[EventDate "2021.04.20"]
[EventType "tourn"]
[EventCountry "GEO"]
[SourceTitle "playchess.com"]
[Source "ChessBase"]
[SourceQuality "1"]
[TimeControl "5400+30"]

1. e4 {[%emt 0:00:00]} c6 {[%emt 0:00:10]} 2. d4 {[%emt 0:00:00]} d5 {[%emt 0:00:08]} 3. e5 {[%emt 0:00:00]} Bf5 {[%emt 0:00:40]} 4. Nd2 {[%emt 0:00:00]} e6 {[%emt 0:00:34]} 5. Nb3 {[%emt 0:00:00]} Nd7 {[%emt 0:01:06]} 6. Nf3 {[%emt 0:00:12]} Bg6 {[%emt 0:02:40]} 7. Be2 {[%emt 0:01:45]} Nh6 {[%emt 0:00:16]} 8. Bxh6 {[%emt 0:02:09]} gxh6 {[%emt 0:04:22]} 9. O-O {[%emt 0:01:00]} Bg7 {[%emt 0:04:29]} 10. Bd3 {[%emt 0:06:19]} O-O {[%emt 0:04:32]} 11. Qd2 {[%emt 0:02:01]} Rc8 {[%emt 0:05:04]} 12. Nc1 {[%emt 0:04:28]} c5 {[%emt 0:04:57]} 13. c3 {[%emt 0:01:29]} Qb6 {[%emt 0:01:30]} 14. Bb1 {[%emt 0:15:57]} cxd4 {[%emt 0:05:05]} 15. cxd4 {[%emt 0:01:07]} Rc4 {[%emt 0:00:16]} 16. b3 {[%emt 0:05:38]} Rc6 {[%emt 0:00:07]} 17. Ne2 {[%emt 0:03:09]} Rfc8 {[%emt 0:01:05]} 18. Bd3 {[%emt 0:02:27]} Bf8 {[%emt 0:05:45]} 19. Rad1 {[%emt 0:12:03]} Qb4 {[%emt 0:08:53]} 20. Qe3 {[%emt 0:10:30]} Qa3 {[%emt 0:00:54]} 21. Nh4 {[%emt 0:01:35]} Kh8 {[%emt 0:10:27]} 22. Bb5 {[%emt 0:05:10]} R6c7 {[%emt 0:00:42]} 23. f4 {[%emt 0:00:53]} Qe7 {[%emt 0:04:40]} 24. g3 {[%emt 0:06:25]} Bc2 {[%emt 0:01:42]} 25. Rc1 {[%emt 0:02:24]} f5 {[%emt 0:01:27]} 26. exf6 {[%emt 0:01:58]} Nxf6 {[%emt 0:00:18]} 27. f5 {[%emt 0:03:11]} Ng4 {[%emt 0:08:08]} 28. Qxe6 {[%emt 0:05:02]} a6 {[%emt 0:09:05]} 29. Nf4 {[%emt 0:04:57]} Qb4 {[%emt 0:00:14]} 30. Nhg6+ {[%emt 0:01:18]} hxg6 {[%emt 0:00:18]} 31. Nxg6+ {[%emt 0:00:02]} Kh7 {[%emt 0:00:27]} 32. Nxf8+ {[%emt 0:00:57]} Qxf8 {[%emt 0:00:56]} 33. Bd7 {[%emt 0:01:02]} Rd8 {[%emt 0:01:20]} 34. Qg6+ {[%emt 0:00:38]} Kh8 {[%emt 0:00:06]} 35. Qxg4 {[%emt 0:00:26]} Rdxd7 {[%emt 0:00:11]} 36. Qf4 {[%emt 0:00:58]} Rc6 {[%emt 0:05:50]} 37. Rf2 {[%emt 0:00:39]} Be4 {[%emt 0:00:26]} 38. Rxc6 {[%emt 0:00:26]} bxc6 {[%emt 0:00:05]} 39. Qe5+ {[%emt 0:00:15]} Kh7 {[%emt 0:00:31]} 40. f6 {[%emt 0:00:27]} Qf7 {[%emt 0:03:52]} 41. h4 {[%emt 0:00:27]} Rd8 {[%emt 0:01:28]} 42. Qe7 {[%emt 0:01:36]} Qxe7 {[%emt 0:01:07]} 43. fxe7 {[%emt 0:00:00]} Re8 {[%emt 0:00:09]} 44. Rf6 {[%emt 0:00:00]} Rxe7 {[%emt 0:00:22]} 45. Rxc6 {[%emt 0:00:00]} Bd3 {[%emt 0:01:09]} 46. Rd6 {[%emt 0:00:24]} Re2 {[%emt 0:00:06]} 47. Rxd5 {[%emt 0:00:39]} Rxa2 {[%emt 0:00:08]} 48. g4 {[%emt 0:00:40]} Bb5 {[%emt 0:00:24]} 49. Re5 {[%emt 0:00:49]} Rd2 {[%emt 0:01:25]} 50. Re7+ {[%emt 0:00:17]} Kg6 {[%emt 0:00:56]} 51. Re6+ {[%emt 0:00:07]} Kg7 {[%emt 0:00:06]} 52. g5 {[%emt 0:01:20]} hxg5 {[%emt 0:02:16]} 53. hxg5 {[%emt 0:00:01]} Rb2 {[%emt 0:00:40]} 54. Re3 {[%emt 0:00:21]} Kg6 {[%emt 0:00:05]} 55. Rg3 {[%emt 0:00:39]} Rd2 {[%emt 0:00:58]} 56. d5 {[%emt 0:00:17]} Bd3 {[%emt 0:01:08]} 57. Rg2 {[%emt 0:00:50]} Rd1+ {[%emt 0:00:17]} 58. Kf2 {[%emt 0:00:00]} Be4 {[%emt 0:00:56]} 59. Rg1 {[%emt 0:00:47]} Rxd5 {[%emt 0:00:06]} 60. Ke3 {[%emt 0:00:59]} Bf5 {[%emt 0:00:46]} 61. b4 {[%emt 0:00:48]} Rd3+ {[%emt 0:00:18]} 62. Ke2 {[%emt 0:00:00]} Rb3 {[%emt 0:01:31]} 63. Kd2 {[%emt 0:01:00]} Rxb4 {[%emt 0:00:18]} 64. Kc3 {[%emt 0:00:07]} Rb6 {[%emt 0:00:18]} 65. Rg2 {[%emt 0:00:26]} Be6 {[%emt 0:00:40]} 66. Rb2 {[%emt 0:00:51]} Rc6+ {[%emt 0:00:29]} 67. Kb4 {[%emt 0:00:06]} Kxg5 {[%emt 0:00:20]} 68. Ka5 {[%emt 0:00:19]} Bc8 {[%emt 0:00:05]} 69. Rf2 {[%emt 0:00:32]} Rc5+ {[%emt 0:00:15]} 70. Kb4 {[%emt 0:00:23]} Rb5+ {[%emt 0:00:06]} 71. Ka3 {[%emt 0:00:11]} Rd5 {[%emt 0:01:14]} 72. Rf1 {[%emt 0:00:15]} Bf5 {[%emt 0:00:08]} 73. Kb4 {[%emt 0:00:12]} Rb5+ {[%emt 0:00:28]} 74. Ka4 {[%emt 0:00:18]} Kf6 {[%emt 0:00:17]} 75. Rc1 {[%emt 0:00:19]} Be4 {[%emt 0:00:16]} 76. Ka3 {[%emt 0:00:28]} Ke5 {[%emt 0:00:08]} 77. Rd1 {[%emt 0:00:21]} Bd5 {[%emt 0:00:13]} 78. Re1+ {[%emt 0:00:24]} Kd4 {[%emt 0:00:13]} 79. Rd1+ {[%emt 0:00:40]} Kc5 {[%emt 0:00:14]} 80. Rd3 {[%emt 0:00:23]} Bc4 {[%emt 0:00:28]} 81. Rh3 {[%emt 0:00:17]} Ra5+ {[%emt 0:00:11]} 82. Kb2 {[%emt 0:00:04]} Kb4 {[%emt 0:00:09]} 83. Rh8 {[%emt 0:00:46]} Rg5 {[%emt 0:00:25]} 84. Rb8+ {[%emt 0:00:39]} Bb5 {[%emt 0:00:29]} 85. Rh8 {[%emt 0:00:13]} Rg2+ {[%emt 0:00:07]} 86. Ka1 {[%emt 0:00:21]} a5 {[%emt 0:00:13]} 87. Rh1 {[%emt 0:00:22]} Bc4 {[%emt 0:00:21]} 88. Rb1+ {[%emt 0:01:52]} Ka3 {[%emt 0:00:16]} 89. Rb2 {[%emt 0:00:10]} Rg1+ {[%emt 0:02:18]} 90. Rb1 {[%emt 0:00:01]} Rg3 {[%emt 0:00:14]} 91. Rb2 {[%emt 0:00:39]} a4 {[%emt 0:00:32]} 92. Rb1 {[%emt 0:01:56]} Bb3 {[%emt 0:00:20]} 93. Rb2 {[%emt 0:00:29]} Rg1+ {[%emt 0:01:23]} 94. Rb1 {[%emt 0:00:01]} Rg2 {[%emt 0:00:08]} 95. Rb2 {[%emt 0:01:02]} Bc2 {[%emt 0:00:11]} 96. Ra2+ {[%emt 0:00:08]} Kb4 {[%emt 0:00:16]} 97. Rb2+ {[%emt 0:00:16]} Kc3 {[%emt 0:00:07]} 98. Ka2 {[%emt 0:00:23]} Rg1 {[%emt 0:01:09]} 99. Ka3 {[%emt 0:00:21]} Rh1 {[%emt 0:00:13]} 100. Ra2 {[%emt 0:00:37]} Bb3 {[%emt 0:00:10]} 0-1

[Event "80th GEO-ch 2021"]
[Site "Tbilisi"]
[Date "2021.04.27"]
[Round "7.5"]
[White "Gagunashvili, Merab"]
[Black "Paichadze, Luka"]
[Result "1/2-1/2"]
[WhiteElo "2584"]
[BlackElo "2565"]
[Annotator "TA"]
[PlyCount "107"]
[EventDate "2021.04.20"]
[EventType "tourn"]
[EventCountry "GEO"]
[SourceTitle "playchess.com"]
[Source "ChessBase"]
[SourceQuality "1"]

{[%evp 9,107,20,18,16,18,19,21,16,28,22,26,12,27,39,47,33,34,39,38,49,37,14,37,22,36,-4,0,4,4,7,6,0,22,18,18,17,20,24,16,21,15,4,11,0,14,0,8,0,33,0,51,41,41,6,45,40,32,0,61,30,32,35,35,28,39,21,23,32,20,16,25,11,11,12,25,7,11,0,0,0,7,0,10,10,19,30,26,26,64,7,7,7,7,7,7,7,7,7,7,7]} 1. Nf3 Nf6 2. c4 e6 3. Nc3 Bb4 4. Qc2 d5 5. a3 Bxc3 6. dxc3 {A17: English Opening: 1...Nf6 with ...Bb4.} O-O 7. Bg5 {[#]} Nbd7 $146 ({Predecessor:} 7... c6 8. O-O-O Qe7 9. e3 h6 10. Bh4 Nbd7 11. Be2 dxc4 12. Bxc4 b5 13. Be2 Rd8 {1-0 (36) Oltean,G (2212)-Joo,G (2107) Hungary 2001}) 8. e3 c6 9. Be2 b6 10. O-O Qc7 11. Rfd1 Ba6 12. Nd2 Nc5 13. Bxf6 gxf6 14. b4 Nd7 15. e4 Ne5 16. b5 Bb7 17. bxc6 Qxc6 {[%cal Rd5e4]} 18. cxd5 exd5 19. exd5 Qxd5 {[%csl Gb7][%cal Rd5g2] [#]} 20. Nf3 Qe4 21. Qxe4 Bxe4 22. Nd4 Rfc8 23. f3 Bb7 24. Rac1 Rc5 25. Nb3 Rc7 26. Nd4 Rc5 27. Nb3 Rc7 28. Nd4 Kf8 29. f4 {[#] Nb5 is the strong threat.} Ng6 (29... Nc4 $11) 30. g3 $14 Ne7 31. Kf2 Rc5 (31... Bc6 $5) 32. Nb3 Rc7 33. Nd4 Rc5 34. Nb5 a6 35. Nd6 Bc6 36. c4 Nc8 37. Rb1 {aiming for Nxc8.} Nxd6 38. Rxd6 Ke7 39. Rd3 (39. Rd4 {is more complex.} b5 40. Rb3 Rc8 41. Re3+ Kf8 42. h4) 39... b5 40. Re3+ Kf8 41. cxb5 axb5 42. Rd1 Rc2 43. Rd6 f5 44. Ke1 (44. Rdd3 {looks sharper.} Ra2 45. Re5 Be4 46. Rc3 Rb8 47. Ke3) 44... Rc5 (44... Be4 {keeps more tension.} 45. Rd2 Rc1+ 46. Rd1 Rc2 47. Rd2) 45. Rdd3 Be4 46. Rc3 Rd5 47. Rb3 Ra5 48. Rec3 Kg7 49. Rc7 ({White should play} 49. Rb2 $14) 49... Rd4 $11 {The position is equal.} 50. Rc5 Rda4 51. Rcc3 b4 $1 {[%cal Rb4c3]} 52. Rxb4 Rxa3 53. Rxa3 Rxa3 54. Rd4 {Weighted Error Value: White=0.09/Black=0.06} 1/2-1/2

[Event "80th GEO-ch 2021"]
[Site "Tbilisi"]
[Date "2021.04.28"]
[Round "8.1"]
[White "Azaladze, Shota"]
[Black "Paichadze, Luka"]
[Result "0-1"]
[WhiteElo "2439"]
[BlackElo "2565"]
[Annotator "TA"]
[PlyCount "60"]
[EventDate "2021.04.20"]
[EventType "tourn"]
[EventCountry "GEO"]
[SourceTitle "playchess.com"]
[Source "ChessBase"]
[SourceQuality "1"]

{[%evp 9,60,0,0,0,0,0,8,0,0,-5,0,-3,1,10,8,-66,-71,-68,-78,-63,-67,-101,-108,-111,-50,-58,-52,-59,-7,-36,-32,-37,-32,-40,-32,-55,-66,-63,-73,-70,-78,-93,-86,-92,-88,-91,-89,-503,-507,-1000,-921,-1185,-1189]} 1. d4 Nf6 2. Nf3 e6 3. e3 b6 4. Be2 Bb7 5. O-O d5 6. c4 {A47: 1 d4 Nf6 2 Nf3 b6: Torre, London and Colle Systems.} Bd6 7. b3 Nbd7 $5 {[%mdl 4] A promising side line.} 8. Bb2 {The position is equal.} O-O 9. Nc3 a6 10. Rc1 Qe7 11. Bd3 {[#]} Ne4 $146 ({Predecessor:} 11... dxc4 12. Bxc4 Rfd8 13. Qe2 c5 14. dxc5 Nxc5 15. a4 Ng4 16. g3 Qf6 17. e4 Ne5 18. Nxe5 Bxe5 {0-1 (48) Vogel,R (2401)-Teske,H (2496) Erfurt 2014}) 12. Bxe4 (12. Ne2 $11) 12... dxe4 $15 13. Nd2 f5 14. Qe2 Rf6 15. f3 {[%cal Rf3e4]} Rh6 16. f4 c5 ({But not} 16... Qh4 17. g3 $15) (16... g5 $17 17. g3 gxf4 18. gxf4 Nf6) 17. d5 $1 e5 18. g3 exf4 (18... Bc8 $15) 19. gxf4 Nf6 {White must now prevent ...Ng4.} 20. Rf2 $1 Bc8 21. Nf1 Bd7 22. Ng3 Ng4 23. Rg2 Rh3 24. Kh1 Rf8 {[%cal Ba8f8,Bf8f6,Bf6h6][%mdl 32]} 25. Rcg1 Rf6 26. Nd1 Rfh6 {aiming for ...Nxh2.} 27. Nf1 Qh4 $36 {[%mdl 2048] Black is in control.} 28. Rxg4 $4 {[%mdl 8192] [#]} fxg4 $19 {Black is clearly winning.} 29. Be5 (29. Qf2 $142 g3 30. Rxg3) 29... Bxe5 30. fxe5 g3 {Weighted Error Value: White=0.56/Black=0.10} 0-1

[Event "80th GEO-ch 2021"]
[Site "Tbilisi"]
[Date "2021.04.28"]
[Round "8.2"]
[White "Pantsulaia, Levan"]
[Black "Gagunashvili, Merab"]
[Result "1/2-1/2"]
[WhiteElo "2553"]
[BlackElo "2584"]
[Annotator "TA"]
[PlyCount "60"]
[EventDate "2021.04.20"]
[EventType "tourn"]
[EventCountry "GEO"]
[SourceTitle "playchess.com"]
[Source "ChessBase"]
[SourceQuality "1"]

{[%evp 28,60,0,0,0,0,4,0,0,0,0,0,0,0,4,0,0,0,0,0,0,-17,0,0,0,0,0,0,0,0,0,0,0,0,0]} 1. d4 d5 2. c4 c6 3. cxd5 cxd5 4. Nc3 Nf6 5. Nf3 Nc6 6. Bf4 Bf5 7. e3 e6 8. Bd3 Bxd3 9. Qxd3 Bd6 10. Bxd6 Qxd6 11. O-O O-O 12. Rac1 Rfc8 13. a3 Ne7 14. Ne2 Rxc1 15. Rxc1 {The position is equal.} Rc8 {D14: Slav Defence: Exchange variation with ...Bf5.} 16. Rxc8+ Nxc8 {[#]} 17. h3 $146 ({Predecessor:} 17. Qc2 Ne7 18. Ne5 Nd7 19. Nd3 Nf6 20. Ne5 Nd7 21. Nd3 Nf6 22. Ne5 {½-½ (22) Movsesian,S (2653)-Sargissian,G (2702) Huaian 2016}) 17... Qc7 18. Qc3 Qxc3 19. Nxc3 $11 {[%mdl 4096] Endgame KNN-KNN} Nd6 20. Nd2 Kf8 21. Kf1 Ke7 22. Ke2 h5 23. Kd3 Kd7 24. b3 Ke7 25. h4 Kd7 26. g3 Ke7 27. Ne2 Nfe4 28. Nxe4 Nxe4 29. f3 Nd6 30. Nf4 g6 {An uneventful encounter.  Weighted Error Value: White=0.02/Black=0.01} 1/2-1/2